Reflective optics II (Record no. 10096)

MARC details
000 -LEADER
fixed length control field 00855nam a2200217Ia 4500
003 - CONTROL NUMBER IDENTIFIER
control field IN-BaIIA
008 - FIXED-LENGTH DATA ELEMENTS--GENERAL INFORMATION
fixed length control field 211028s9999 xx 000 0 eng d
020 ## - INTERNATIONAL STANDARD BOOK NUMBER
International Standard Book Number 0-8194-1049-8
040 ## - CATALOGING SOURCE
Transcribing agency IIA Library
080 ## - UNIVERSAL DECIMAL CLASSIFICATION NUMBER
Universal Decimal Classification number 535(082.1)
Item number SPI-1113
111 ## - MAIN ENTRY--MEETING NAME
Meeting name or jurisdiction name as entry element Society of Photo-Optical Instrumentation Engineers Conference
Location of meeting Germany
Date of meeting or treaty signing 1988 Sept. 12-21
9 (RLIN) 17082
245 #0 - TITLE STATEMENT
Title Reflective optics II
Remainder of title proceedings of the SPIE held in Humburg, Germany, on 12-21 September 1988
Statement of responsibility, etc. edited by Dietrich G.Korsch
260 ## - PUBLICATION, DISTRIBUTION, ETC.
Place of publication, distribution, etc. Washington
Name of publisher, distributor, etc. Society of Photo-Optical Instrumentation Engineers
Date of publication, distribution, etc. 1989
300 ## - PHYSICAL DESCRIPTION
Extent vi, 279p.
490 ## - SERIES STATEMENT
Series statement SPIE proceedings series; v. 1113
650 ## - SUBJECT ADDED ENTRY--TOPICAL TERM
Topical term or geographic name entry element Astronomy and Astrophysics Thesaurus
650 ## - SUBJECT ADDED ENTRY--TOPICAL TERM
Topical term or geographic name entry element Optics
650 ## - SUBJECT ADDED ENTRY--TOPICAL TERM
Topical term or geographic name entry element Reflective index
9 (RLIN) 17083
700 ## - ADDED ENTRY--PERSONAL NAME
Personal name Korsch, Dietrich G., ed.
9 (RLIN) 17084
942 ## - ADDED ENTRY ELEMENTS (KOHA)
Koha item type Books
952 ## - LOCATION AND ITEM INFORMATION (KOHA)
-- 55.00
Holdings
Withdrawn status Lost status Damaged status Not for loan Home library Current library Shelving location Date acquired Total Checkouts Full call number Barcode Date last seen Price effective from Koha item type
        IIA Library-Bangalore IIA Library-Bangalore General Stacks 04/01/1991   535(082.1)/ SPI-1113 11006 05/11/2021 04/01/1991 Books

Powered by Koha